000
00267nmm a2200085Ia 4500
008
220120s9999||||xx |||||||||||||||||und||
100
_a
PCQ Feburary 2010
_9
11203
245
0
_a
9 developer tools,10 phography tools, 12 oppice tools, 10 re
260
_a
Cyber tach publication
999
_c
139471
_d
139471